| 000 | 00329nam a2200133Ia 4500 | ||
|---|---|---|---|
| 008 | 230917s9999||||xx |||||||||||||| ||und|| | ||
| 040 |
_e90483 _aMAIN |
||
| 041 | _aEnglish | ||
| 082 | _a617.7 O1S | ||
| 100 | _aOm Parkash | ||
| 245 | 0 | _aStudy of mycotic keratitis following agricultural injuries | |
| 300 | _a66 p. | ||
| 942 | _cTH | ||
| 999 |
_c73866 _d73866 |
||